000 00276nam a2200121 i 4500
001 bg
245 0 _aZałożenia i praktyka reformy gospodarczej.
260 _aWrocław,
_c1987.
040 _cBPK
041 _apol
942 _cKS
008 s pl f |000 0 pol
999 _c28622
_d28622
856 _uhttp://koha.tu.koszalin.pl/cgi-bin/koha/opac-detail.pl?biblionumber=28622
_yKatalog online BPK